000 01606nam a22002177a 4500
999 _c60043
_d60043
003 Ge_BSU
005 20230531173048.0
008 230531s1989 ge ||||| |||| 00| 0 geo d
041 _ageo
080 _a902.2(479.221.1) მ-97
245 _aმცხეთა :
_bარქეოლოგიური კვლევა-ძიების შედეგები. ტ. 9, I. დიდი მცხეთა, 1980-1981 წწ. არქეოლოგიური ძიებისა და გათხრების ანგარიში. II. პუბლიკაციები და სტატიები /
_cრედ. ა. აფაქიძე; საქ. სსრ მეცნ. აკად., ივ. ჯავახიშვილის სახ. ისტორიის ინ-ტი.
264 _aთბილისი :
_bმეცნიერება,
_c1989.
300 _a194 გვ. :
_b58 ფ. ილ.;
_c22 სმ.
501 _aსაძიებლები: გვ. 176-187.
504 _aბიბლიოგრაფია: გვ. 172-174
520 _aსტატიების ბოლოს რეზ. რუს.
653 _aარქეოლოგიური გათხრები მცხეთაში.
700 _aაფაქიძე, ა.
_eრედაქტორი
_918373
710 _aსაქართველოს სსრ მეცნიერებათა აკადემია.
_b ივ. ჯავახიშვილის სახ. ისტორიის ინსტიტუტი.
_918018
942 _2udc
_cBK